000 01219nam a2200349 i 4500
003 EG-GICUC
005 20260221100449.0
008 260114s2007 ua |||fr|||| 00| 0 ara d
017 _a7336/2007
020 _a9770452955
040 _a EG-GICUC
_bara
_c EG-GICUC
_d EG-GICUC
_erda
041 0 _aAra
082 0 4 _221
_a343.37
_bط ا . م
092 0 4 _221
099 _aLaw1 10 343.37 ط ا . م 2007
100 0 _aطارق سرور
_eمؤلف.
245 1 2 _aالمحاكمة الغيابية فى مواد الجنايات /
_cتأليف الدكتور طارق سرور.
250 _aالطبعة الأولى
264 1 _aالقاهرة :
_bدار النهضة العربية،
_c2007.
300 _a184 صفحة؛
_c24 سم.
336 _2rda content
_atext
337 _2rda media
_aComputer
338 _2rda carrier
_aOnline Resource
504 _a ببليوجرافيا: صفحات174-177.
546 _aالنص باللغة العربية
650 1 _aالمحاكمة الجنائية
_2qrmak
650 1 _aالقانون الجنائى
_2qrmak
651 1 _2qrmak
856 4 0 _uhttps://fll.law.cu.edu.eg/fulltext/bks/B10-07379.pdf
905 _a54
_eYara
942 _2ddc
_cBK
_e21
_n0
999 _c57087
_d57087